[Event "Voronezh op-A"]
[Site "Voronezh"]
[Date "2006.06.20"]
[Round "8"]
[White "Gilbert, Jessie"]
[Black "Yakovich, Yuliya"]
[Result "1-0"]
[WhiteElo "2144"]
[BlackElo "2104"]
[PlyCount "51"]
[EventDate "2006.06.12"]
[EventType "swiss"]
[EventRounds "9"]
[EventCountry "RUS"]
[SourceTitle "CBM 112 Extra"]
[Source "ChessBase"]
[SourceDate "2006.07.14"]
[SourceVersion "1"]
[SourceVersionDate "2006.07.14"]
[SourceQuality "1"]

1. d4 d5 2. c4 dxc4 3. e3 e6 4. Bxc4 c5 5. Nf3 a6 6. a4 Nf6 7. 0-0 Nc6 8. Qe2 cxd4 9. Rd1 Be7 10. Nxd4 Nxd4 11. Rxd4 Qc7 12. Nc3 0-0 13. e4 Nd7 14. Ba2 b6 15. Be3 Bb7 16. Rc1 Bc5 17. Rdd1 Rac8 18. b4 Bxe3 19. Qxe3 Qd8 20. Rd6 Rc7 21. Rcd1 Qc8 22. Ne2 h6 23. Nf4 Rc3 24. Qe1 e5 25. Ng6 Kh7 26. Ne7 1-0

[Event "Olympiad Women-37"]
[Site "Turin"]
[Date "2006.05.29"]
[Round "8"]
[White "Sikorova, Olga"]
[Black "Gilbert, Jessie"]
[Result "1-0"]
[WhiteElo "2276"]
[BlackElo "2144"]
[PlyCount "65"]
[EventDate "2006.05.21"]
[EventType "team-swiss"]
[EventRounds "13"]
[EventCountry "ITA"]
[SourceTitle "CBM 112 Extra"]
[Source "ChessBase"]
[SourceDate "2006.07.14"]
[SourceVersion "1"]
[SourceVersionDate "2006.07.14"]
[SourceQuality "1"]
[WhiteTeam "Czech Republic (W)"]
[BlackTeam "England (W)"]
[WhiteTeamCountry "CZE"]
[BlackTeamCountry "ENG"]

1. d4 g6 2. e4 Bg7 3. Nc3 d6 4. f4 a6 5. Nf3 Nd7 6. Bd3 c5 7. Be3 cxd4 8. Nxd4 e5 9. fxe5 Nxe5 10. Qd2 Ng4 11. Bg5 Ne7 12. h3 f6 13. Bf4 Ne5 14. 0-0-0 N7c6 15. Be2 0-0 16. Nxc6 bxc6 17. Qxd6 Qb6 18. Bxe5 fxe5 19. Bc4+ Kh8 20. Nd5 Qb7 21. Ne7 Rb8 22. Bb3 c5 23. Nxg6+ hxg6 24. Qxg6 Bf5 25. exf5 Rf6 26. Qh5+ Bh6+ 27. Kb1 c4 28. Qh4 Rc6 29. Rd8+ Rxd8 30. Qxd8+ Kh7 31. Rd1 Bg7 32. Qh4+ Kg8 33. Bxc4+ 1-0

[Event "Olympiad Women-37"]
[Site "Turin"]
[Date "2006.05.28"]
[Round "7"]
[White "Smokina, Karolina"]
[Black "Gilbert, Jessie"]
[Result "1/2-1/2"]
[WhiteElo "2252"]
[BlackElo "2144"]
[PlyCount "65"]
[EventDate "2006.05.21"]
[EventType "team-swiss"]
[EventRounds "13"]
[EventCountry "ITA"]
[SourceTitle "CBM 112 Extra"]
[Source "ChessBase"]
[SourceDate "2006.07.14"]
[SourceVersion "1"]
[SourceVersionDate "2006.07.14"]
[SourceQuality "1"]
[WhiteTeam "Moldova (W)"]
[BlackTeam "England (W)"]
[WhiteTeamCountry "MDA"]
[BlackTeamCountry "ENG"]

1. c4 g6 2. Nc3 Bg7 3. g3 Nf6 4. Bg2 0-0 5. e4 c5 6. Nge2 Nc6 7. 0-0 a6 8. d3 d6 9. h3 Rb8 10. f4 Bd7 11. a4 Ne8 12. f5 Nd4 13. Nxd4 Bxd4+ 14. Kh1 b5 15. Bh6 Ng7 16. axb5 axb5 17. cxb5 Bxb5 18. Ra7 Bc6 19. Ra2 Ra8 20. Qb3 Rxa2 21. Qxa2 Qa8 22. fxg6 Qa5 23. Qa4 Qxa4 24. Na2 hxg6 25. b3 Ra8 26. Nc1 Rb8 27. Bf3 Bd7 28. Kg2 Be6 29. Bd1 f6 30. Bc2 Bf7 31. Bxg7 Kxg7 32. Ne2 Be5 33. Rb1 1/2-1/2

[Event "Olympiad Women-37"]
[Site "Turin"]
[Date "2006.05.25"]
[Round "5"]
[White "Ghader Pour, Shayesteh"]
[Black "Gilbert, Jessie"]
[Result "1/2-1/2"]
[WhiteElo "2144"]
[BlackElo "2144"]
[PlyCount "56"]
[EventDate "2006.05.21"]
[EventType "team-swiss"]
[EventRounds "13"]
[EventCountry "ITA"]
[SourceTitle "CBM 112 Extra"]
[Source "ChessBase"]
[SourceDate "2006.07.14"]
[SourceVersion "1"]
[SourceVersionDate "2006.07.14"]
[SourceQuality "1"]
[WhiteTeam "Iran (W)"]
[BlackTeam "England (W)"]
[WhiteTeamCountry "IRI"]
[BlackTeamCountry "ENG"]

1. e4 g6 2. d4 Bg7 3. Nc3 d6 4. g3 Nd7 5. Bg2 c5 6. Nge2 Rb8 7. a4 b6 8. 0-0 Ngf6 9. h3 0-0 10. Be3 a6 11. f4 cxd4 12. Nxd4 Bb7 13. Qe2 Qc7 14. Nd5 Nxd5 15. exd5 Rbc8 16. c3 Nf6 17. Nc6 e6 18. c4 exd5 19. cxd5 Nxd5 20. Bxd5 Bxc6 21. Rac1 Qd7 22. Bxc6 Rxc6 23. Rxc6 Qxc6 24. Qxa6 Ra8 25. Qxb6 Qxb6 26. Bxb6 Rxa4 27. Rd1 Rb4 28. Bf2 Bxb2 1/2-1/2

[Event "Olympiad Women-37"]
[Site "Turin"]
[Date "2006.05.21"]
[Round "1"]
[White "Lopang, Tshepiso"]
[Black "Gilbert, Jessie"]
[Result "0-1"]
[WhiteElo "1909"]
[BlackElo "2144"]
[PlyCount "52"]
[EventDate "2006.05.21"]
[EventType "team-swiss"]
[EventRounds "13"]
[EventCountry "ITA"]
[SourceTitle "CBM 112 Extra"]
[Source "ChessBase"]
[SourceDate "2006.07.14"]
[SourceVersion "1"]
[SourceVersionDate "2006.07.14"]
[SourceQuality "1"]
[WhiteTeam "Botswana (W)"]
[BlackTeam "England (W)"]
[WhiteTeamCountry "BOT"]
[BlackTeamCountry "ENG"]

1. Nf3 g6 2. d4 Bg7 3. c4 d6 4. Nc3 Nf6 5. e4 0-0 6. Be2 e5 7. d5 a5 8. a3 Na6 9. Be3 h6 10. 0-0 Bd7 11. h3 Nh5 12. Qc1 Nc5 13. Bd1 Nf4 14. Bxc5 dxc5 15. Qe3 b6 16. Bc2 h5 17. Kh2 Kh7 18. Rad1 Bh6 19. Qe1 Nxg2 20. Kxg2 Bxh3+ 21. Kxh3 Qd7+ 22. Kh2 Bf4+ 23. Kh1 Qh3+ 24. Kg1 Qg4+ 25. Kh1 Qxf3+ 26. Kg1 Qg4+ 0-1

[Event "EU-ch (Women) 7th"]
[Site "Kusadasi"]
[Date "2006.04.13"]
[Round "9"]
[White "Gilbert, Jessie"]
[Black "Mamedjarova, Turkan"]
[Result "1/2-1/2"]
[WhiteElo "2098"]
[BlackElo "2308"]
[PlyCount "83"]
[EventDate "2006.04.04"]
[EventType "swiss"]
[EventRounds "11"]
[EventCountry "TUR"]
[SourceTitle "CBM 111 Extra"]
[Source "ChessBase"]
[SourceDate "2006.05.09"]
[SourceVersion "1"]
[SourceVersionDate "2006.05.09"]
[SourceQuality "1"]

1. d4 f5 2. g3 Nf6 3. Bg2 g6 4. Nh3 Bg7 5. Nf4 0-0 6. c3 d5 7. 0-0 c6 8. Nd2 Qc7 9. Qb3 e6 10. Nf3 Ne4 11. Nd3 Nd7 12. Bf4 Qd8 13. Qa3 g5 14. Bd6 Re8 15. Be5 Bf8 16. b4 g4 17. Nh4 Be7 18. Qc1 Nxe5 19. Nxe5 Bg5 20. Qc2 Bxh4 21. gxh4 Qxh4 22. Bxe4 dxe4 23. a4 Re7 24. Ra3 Bd7 25. c4 Rf8 26. Rg3 Be8 27. f3 exf3 28. exf3 h5 29. fxg4 hxg4 30. Qf2 Rg7 31. Kh1 Qh6 32. c5 Bh5 33. Qf4 Kh7 34. a5 a6 35. Re3 Qxf4 36. Rxf4 Kh6 37. Nd3 Rf6 38. Kg2 Kg5 39. Kg3 Rh6 40. Re5 Rgh7 41. Nf2 Re7 42. Ne4+ 1/2-1/2

[Event "EU-ch (Women) 7th"]
[Site "Kusadasi"]
[Date "2006.04.05"]
[Round "2"]
[White "Gilbert, Jessie"]
[Black "Velcheva, Maria"]
[Result "1/2-1/2"]
[WhiteElo "2098"]
[BlackElo "2286"]
[PlyCount "57"]
[EventDate "2006.04.04"]
[EventType "swiss"]
[EventRounds "11"]
[EventCountry "TUR"]
[SourceTitle "CBM 111 Extra"]
[Source "ChessBase"]
[SourceDate "2006.05.09"]
[SourceVersion "1"]
[SourceVersionDate "2006.05.09"]
[SourceQuality "1"]

1. d4 d5 2. c4 c6 3. Nf3 Nf6 4. e3 e6 5. Bd3 Nbd7 6. 0-0 dxc4 7. Bxc4 b5 8. Be2 a6 9. Qc2 Bb7 10. Rd1 Rc8 11. e4 c5 12. d5 exd5 13. exd5 Bxd5 14. Nc3 Bb7 15. Ne5 Qc7 16. Nxd7 Nxd7 17. Bg4 Nf6 18. Bxc8 Bxc8 19. Bg5 Be6 20. Bxf6 gxf6 21. Qe4 f5 22. Qa8+ Qc8 23. Qxc8+ Bxc8 24. Nd5 Bg7 25. Nc7+ Ke7 26. Nd5+ Kd6 27. Nc3+ Kc6 28. Rac1 Be6 29. b3 1/2-1/2

[Event "BCF-chT2 0506 (4NCL)"]
[Site "Birmingham"]
[Date "2006.03.05"]
[Round "8.6"]
[White "Gilbert, Jessie"]
[Black "Hanley, James L"]
[Result "0-1"]
[WhiteElo "2098"]
[BlackElo "2108"]
[PlyCount "156"]
[EventDate "2005.10.22"]
[EventType "team"]
[EventRounds "11"]
[EventCountry "ENG"]
[SourceTitle "EXT 2007"]
[Source "ChessBase"]
[SourceDate "2006.11.23"]
[SourceVersion "1"]
[SourceVersionDate "2006.11.23"]
[SourceQuality "1"]
[WhiteTeam "Wood Green III"]
[BlackTeam "Micro Mark NWE II"]
[WhiteTeamCountry "ENG"]
[BlackTeamCountry "ENG"]

1. d4 Nf6 2. c4 g6 3. Nc3 Bg7 4. e4 d6 5. f3 0-0 6. Bg5 Nc6 7. Nge2 a6 8. Qd2 Rb8 9. a4 Nb4 10. Ng3 c5 11. d5 h6 12. Be3 h5 13. a5 Re8 14. Be2 Bd7 15. e5 Nh7 16. f4 Qc7 17. e6 fxe6 18. dxe6 Bxe6 19. f5 gxf5 20. Nxh5 Be5 21. 0-0 Qd7 22. Na4 Kh8 23. Nb6 Qd8 24. Nf4 Bf7 25. Bh5 Bxh5 26. Ne6 Bg6 27. Nxd8 Rbxd8 28. Nd5 Nc6 29. Nf4 Bf7 30. Nd3 Bf6 31. Rxf5 Bxc4 32. Nf4 Rg8 33. Rh5 Bf7 34. Rh6 Ne5 35. Qc2 Rg7 36. Nh5 Bxh5 37. Rxh5 Ng4 38. Bf2 Nxf2 39. Kxf2 Bd4+ 40. Ke1 Rf8 41. Ra3 Rf2 42. Qxf2 Bxf2+ 43. Kxf2 Kg8 44. Rah3 e5 45. Rh6 Ng5 46. Rh8+ Kf7 47. Rb3 Ke6 48. Rb8 Ne4+ 49. Kg1 c4 50. R3xb7 Rg6 51. Rh7 Nf6 52. Ra7 e4 53. Rxa6 e3 54. Rd8 Ne4 55. Kf1 Ke5 56. Rc6 Kd4 57. a6 Kd3 58. a7 Kd2 59. Rcxd6+ Nxd6 60. g3 e2+ 61. Kg2 e1Q 62. a8Q Qe2+ 63. Kg1 Qe3+ 64. Kg2 Ke2 65. Rf8 Qe4+ 66. Qxe4+ Nxe4 67. Rf4 Kd3 68. Rf3+ Kc2 69. Re3 Nd2 70. h4 Kxb2 71. h5 Rh6 72. g4 c3 73. Rh3 Ne4 74. Rxc3 Kxc3 75. Kh3 Kd4 76. Kh4 Ke5 77. g5 Rh8 78. Kg4 Nf6+ 0-1

[Event "Ilsan 1st"]
[Site "Ilsan"]
[Date "2006.02.16"]
[Round "3"]
[White "Song, Jinwoo James"]
[Black "Gilbert, Jessie"]
[Result "1/2-1/2"]
[WhiteElo "1944"]
[BlackElo "2098"]
[PlyCount "20"]
[EventDate "2006.02.15"]
[EventType "tourn"]
[EventRounds "9"]
[EventCountry "KOR"]
[SourceTitle "CBM 110 Extra"]
[Source "ChessBase"]
[SourceDate "2006.03.10"]
[SourceVersion "2"]
[SourceVersionDate "2006.03.10"]
[SourceQuality "1"]

1. e4 g6 2. Bc4 Bg7 3. Nc3 c5 4. d3 Nc6 5. Be3 Na5 6. Bb3 Nxb3 7. axb3 b6 8. d4 d6 9. Nge2 Nf6 10. f3 0-0 1/2-1/2

[Event "Gibraltar Masters"]
[Site "Gibraltar"]
[Date "2006.02.02"]
[Round "10"]
[White "Mohota, Nisha"]
[Black "Gilbert, Jessie"]
[Result "1-0"]
[WhiteElo "2318"]
[BlackElo "2098"]
[PlyCount "157"]
[EventDate "2006.01.24"]
[EventType "swiss"]
[EventRounds "10"]
[EventCountry "ENG"]
[SourceTitle "CBM 110 Extra"]
[Source "ChessBase"]
[SourceDate "2006.03.10"]
[SourceVersion "2"]
[SourceVersionDate "2006.03.10"]
[SourceQuality "1"]

1. d4 g6 2. c4 Bg7 3. e4 d6 4. Nc3 a6 5. Nf3 Nf6 6. Be2 0-0 7. 0-0 c6 8. a4 a5 9. Bg5 h6 10. Bf4 Na6 11. h3 Nd7 12. Qd2 Kh7 13. Rad1 Qb6 14. Be3 Qd8 15. Ne1 e5 16. f4 exf4 17. Bxf4 Qe7 18. Nf3 Re8 19. Bg3 Nf8 20. Qf4 Rd8 21. Bh4 f6 22. Qc1 Nb4 23. Kh1 g5 24. Bg3 f5 25. exf5 Bxf5 26. Nxg5+ Qxg5 27. Qxg5 hxg5 28. Rxf5 Kg6 29. Rff1 Ne6 30. Bf2 Nf4 31. Bf3 d5 32. cxd5 cxd5 33. Bg1 Rh8 34. Bg4 Raf8 35. Rf3 Nc2 36. Bf2 Nb4 37. Kg1 b6 38. Rd2 Re8 39. Kh2 Bf6 40. Nb5 Rd8 41. Rd1 Rde8 42. Be3 Nc2 43. Bf2 Nb4 44. Nd6 Rd8 45. Bf5+ Kg7 46. Nb5 Rde8 47. Bg3 Re2 48. Bxf4 gxf4 49. Rxf4 Rxb2 50. Rg4+ Kf8 51. Rc1 Re2 52. Bg6 Bd8 53. Rf1+ Ke7 54. Rf7+ Ke6 55. Nc7+ Kd6 56. Bf5 Re7 57. Nb5+ Kc6 58. Rg6+ Kb7 59. Rxe7+ Bxe7 60. Rg7 Nc6 61. Bd7 Bd8 62. Bxc6+ Kxc6 63. g4 Re8 64. g5 Re2+ 65. Kg3 Ra2 66. Rg8 Be7 67. g6 Bf6 68. Rf8 Bg7 69. Rc8+ Kd7 70. Rc7+ Ke6 71. Rxg7 Kf6 72. Rg8 Rxa4 73. Nd6 Rxd4 74. Ne8+ Ke7 75. g7 Rd1 76. Rh8 a4 77. g8Q Rg1+ 78. Kf2 Rxg8 79. Rxg8 1-0

[Event "Gibraltar Masters"]
[Site "Gibraltar"]
[Date "2006.01.27"]
[Round "4"]
[White "Gilbert, Jessie"]
[Black "Roy Chowdhury, Saptarshi"]
[Result "0-1"]
[WhiteElo "2098"]
[BlackElo "2393"]
[PlyCount "128"]
[EventDate "2006.01.24"]
[EventType "swiss"]
[EventRounds "10"]
[EventCountry "ENG"]
[SourceTitle "CBM 110 Extra"]
[Source "ChessBase"]
[SourceDate "2006.03.10"]
[SourceVersion "2"]
[SourceVersionDate "2006.03.10"]
[SourceQuality "1"]

1. d4 d5 2. c4 Bf5 3. cxd5 Bxb1 4. Qa4+ Qd7 5. Qxd7+ Nxd7 6. Rxb1 Ngf6 7. Nf3 Nb6 8. e3 Nbxd5 9. a3 a5 10. Bc4 e6 11. 0-0 Be7 12. Re1 0-0 13. e4 Nb6 14. Ba2 Nfd7 15. Bf4 Bd6 16. Be3 Rfc8 17. Red1 Kf8 18. Rbc1 c5 19. d5 e5 20. Nd2 Ke7 21. g3 Na4 22. b3 Nb2 23. Rf1 a4 24. Rb1 axb3 25. Bxb3 c4 26. Rxb2 c3 27. Ra2 cxd2 28. Bxd2 Rxa3 29. Rxa3 Bxa3 30. f4 Bd6 31. Rc1 Rxc1+ 32. Bxc1 b5 33. fxe5 Nxe5 34. Bb2 f6 35. Bxe5 Bxe5 36. Kf2 Kd6 37. Ke3 Kc5 38. Kd3 Kb4 39. Bd1 g6 40. Bg4 Kc5 41. Bd1 h5 42. Be2 Bc7 43. Bd1 Ba5 44. Bf3 Kd6 45. g4 h4 46. h3 g5 47. Be2 Ke5 48. Bf1 Bc7 49. Ke3 Bb6+ 50. Kd3 Bc5 51. Bg2 Kf4 52. Kd2 Bd6 53. Kd3 Kg3 54. Bf1 Kf2 55. Be2 b4 56. Bd1 Kg2 57. Ke2 Kxh3 58. Kf2 Kh2 59. Bc2 Be5 60. Bd1 Bd6 61. Bc2 h3 62. Bd1 Bc5+ 63. Kf3 Kg1 64. e5 h2 0-1

[Event "BCF-chT2 0506 (4NCL)"]
[Site "Birmingham"]
[Date "2006.01.14"]
[Round "5.5"]
[White "Gilbert, Jessie"]
[Black "Nixon, Thomas CM"]
[Result "1/2-1/2"]
[WhiteElo "2098"]
[BlackElo "2216"]
[PlyCount "64"]
[EventDate "2005.10.22"]
[EventType "team"]
[EventRounds "11"]
[EventCountry "ENG"]
[SourceTitle "EXT 2007"]
[Source "ChessBase"]
[SourceDate "2006.11.23"]
[SourceVersion "1"]
[SourceVersionDate "2006.11.23"]
[SourceQuality "1"]
[WhiteTeam "Wood Green III"]
[BlackTeam "Richmond"]
[WhiteTeamCountry "ENG"]
[BlackTeamCountry "ENG"]

1. d4 d5 2. c4 e6 3. Nc3 Nf6 4. cxd5 exd5 5. Bg5 Be7 6. e3 c6 7. Bd3 Nbd7 8. Qc2 0-0 9. Nf3 Re8 10. h3 Nf8 11. Bxf6 Bxf6 12. b4 g6 13. 0-0 Bg7 14. b5 Qf6 15. bxc6 bxc6 16. Ne5 Qd6 17. Nxc6 Qxc6 18. Bb5 Qe6 19. Bxe8 Qxe8 20. Nxd5 Qd8 21. Nf4 Bf5 22. Qa4 Bh6 23. Ne2 Qg5 24. Ng3 Bd7 25. Qa6 Qd5 26. Rfc1 Ne6 27. Qc4 Qa5 28. Ne4 Bg7 29. Rab1 Qf5 30. Nd6 Qg5 31. Rb7 Qd8 32. Qd5 Be8 1/2-1/2

[Event "Hastings Masters op 81st"]
[Site "Hastings"]
[Date "2006.01.05"]
[Round "9"]
[White "Gilbert, Jessie"]
[Black "Dennis, Nigel W"]
[Result "1-0"]
[WhiteElo "2148"]
[BlackElo "2050"]
[PlyCount "45"]
[EventDate "2005.12.28"]
[EventType "swiss"]
[EventRounds "10"]
[EventCountry "ENG"]
[SourceTitle "CBM 110 Extra"]
[Source "ChessBase"]
[SourceDate "2006.03.10"]
[SourceVersion "2"]
[SourceVersionDate "2006.03.10"]
[SourceQuality "1"]

1. d4 Nf6 2. c4 g6 3. Nc3 Bg7 4. e4 d6 5. f3 0-0 6. Bg5 Nbd7 7. Nh3 e5 8. d5 Nc5 9. Nf2 a5 10. Qd2 c6 11. Rd1 cxd5 12. Nxd5 Ne6 13. Nxf6+ Bxf6 14. Bxf6 Qxf6 15. Ng4 Qg7 16. Qxd6 f6 17. Ne3 Rd8 18. Qb6 Rxd1+ 19. Kxd1 Ra6 20. Qb3 Nd4 21. Qa3 Be6 22. Nd5 Qd7 23. Nxf6+ 1-0

[Event "Hastings Masters op 81st"]
[Site "Hastings"]
[Date "2006.01.01"]
[Round "5"]
[White "Gilbert, Jessie"]
[Black "Singh, Gurpreetpal"]
[Result "0-1"]
[WhiteElo "2148"]
[BlackElo "2286"]
[PlyCount "72"]
[EventDate "2005.12.28"]
[EventType "swiss"]
[EventRounds "10"]
[EventCountry "ENG"]
[SourceTitle "CBM 110 Extra"]
[Source "ChessBase"]
[SourceDate "2006.03.10"]
[SourceVersion "2"]
[SourceVersionDate "2006.03.10"]
[SourceQuality "1"]

1. d4 c5 2. d5 g6 3. c4 Bg7 4. e4 d6 5. Nc3 Nf6 6. f3 Na6 7. Bg5 Nc7 8. Qd2 a6 9. a4 Rb8 10. Bd3 0-0 11. Nge2 Bd7 12. a5 b5 13. axb6 Rxb6 14. 0-0 Qb8 15. Nd1 e6 16. e5 dxe5 17. Be3 Rc8 18. Bxc5 Rb7 19. dxe6 Nxe6 20. Be3 Qd6 21. Nc1 e4 22. Be2 Qxd2 23. Bxd2 Nd4 24. Rxa6 Nxe2+ 25. Nxe2 Be6 26. Re1 Bxc4 27. Ra5 Rd7 28. Bc3 Bxe2 29. Rxe2 Rxd1+ 30. Kf2 exf3 31. gxf3 Nd5 32. Bxg7 Kxg7 33. Ra4 Rcc1 34. Kg3 Rg1+ 35. Kh3 g5 36. Rg2 Nf4+ 0-1

[Event "Hastings Masters op 81st"]
[Site "Hastings"]
[Date "2005.12.29"]
[Round "2"]
[White "Ashton, Adam"]
[Black "Gilbert, Jessie"]
[Result "1-0"]
[WhiteElo "2331"]
[BlackElo "2148"]
[PlyCount "67"]
[EventDate "2005.12.28"]
[EventType "swiss"]
[EventRounds "10"]
[EventCountry "ENG"]
[SourceTitle "CBM 110 Extra"]
[Source "ChessBase"]
[SourceDate "2006.03.10"]
[SourceVersion "2"]
[SourceVersionDate "2006.03.10"]
[SourceQuality "1"]

1. e4 g6 2. d4 Bg7 3. Nc3 d6 4. Nf3 a6 5. Be3 b5 6. Bd3 Bb7 7. a4 b4 8. Ne2 Nf6 9. Ng3 Nbd7 10. 0-0 0-0 11. Qd2 c5 12. Bh6 Qa5 13. Bxg7 Kxg7 14. Qg5 Kh8 15. e5 dxe5 16. dxe5 Bxf3 17. exf6 exf6 18. Qh6 Bc6 19. Rfe1 c4 20. Bxc4 Ne5 21. Bb3 Ng4 22. Qf4 Qg5 23. Qxg5 fxg5 24. Ne4 f6 25. h3 Nh6 26. Rad1 Rae8 27. Nc5 a5 28. Ne6 Rg8 29. Rd6 Bb7 30. Red1 Re7 31. Nc5 Rf8 32. Rd8 Rxd8 33. Rxd8+ Kg7 34. Ne6+ 1-0

[Event "Wch U20 Girls"]
[Site "Istanbul"]
[Date "2005.11.20"]
[Round "11"]
[White "Gilbert, Jessie"]
[Black "Alimova, Maral"]
[Result "1/2-1/2"]
[WhiteElo "2148"]
[BlackElo "2053"]
[PlyCount "181"]
[EventDate "2005.11.09"]
[EventType "swiss"]
[EventRounds "13"]
[EventCountry "TUR"]
[SourceTitle "CBM 109 Extra"]
[Source "ChessBase"]
[SourceDate "2006.01.03"]
[SourceVersion "2"]
[SourceVersionDate "2006.01.03"]
[SourceQuality "1"]

1. d4 d5 2. c4 e6 3. Nc3 Nf6 4. cxd5 exd5 5. Bg5 Be7 6. e3 0-0 7. h3 Nbd7 8. Nf3 c6 9. Bd3 Re8 10. Qc2 Nf8 11. 0-0 Ne4 12. Bf4 f5 13. Ne5 Ng6 14. Nxg6 hxg6 15. f3 Nf6 16. Be5 Bd6 17. f4 Ne4 18. Rab1 a5 19. Bxe4 dxe4 20. a3 Be6 21. Rfd1 Kh7 22. b4 axb4 23. axb4 g5 24. Bxd6 Qxd6 25. fxg5 Qg3 26. Qf2 Qxg5 27. h4 Qg4 28. b5 Ra3 29. Rdc1 Rf8 30. bxc6 bxc6 31. Rb6 Bd5 32. g3 Rfa8 33. Kh2 Ra1 34. Rxa1 Rxa1 35. Rb1 Ra3 36. Nxd5 cxd5 37. Rb5 Ra1 38. Rxd5 f4 39. gxf4 Qd1 40. Kg3 Qh1 41. Kg4 Rg1+ 42. Kf5 Rg2 43. Qxg2 Qxg2 44. h5 Qf3 45. Re5 Qxe3 46. Rxe4 Qh3+ 47. Kg5 Qg2+ 48. Kf5 Kh6 49. Re5 Kxh5 50. Ke6+ Kh6 51. f5 Qc6+ 52. Ke7 Qc7+ 53. Ke6 Qc6+ 54. Ke7 Kh7 55. Re6 Qd5 56. f6 gxf6 57. Rxf6 Qxd4 58. Ke6 Kg7 59. Rf5 Kg6 60. Re5 Qc4+ 61. Rd5 Qf4 62. Re5 Qf7+ 63. Kd6 Kf6 64. Re4 Kf5 65. Re5+ Kf4 66. Rd5 Qf6+ 67. Kc5 Ke4 68. Rd6 Qc3+ 69. Kb5 Ke5 70. Rd7 Ke6 71. Rb7 Kd6 72. Rb6+ Kc7 73. Ra6 Qe5+ 74. Kb4 Qd4+ 75. Kb5 Kb7 76. Ra4 Qd5+ 77. Kb4 Kb6 78. Kc3 Kb5 79. Rb4+ Kc5 80. Ra4 Qf3+ 81. Kd2 Kb5 82. Rd4 Kc5 83. Ra4 Qb3 84. Re4 Kd5 85. Rf4 Ke5 86. Rg4 Qf3 87. Rc4 Kd5 88. Rb4 Qg3 89. Ra4 Kc5 90. Re4 Qf3 91. Ra4 1/2-1/2

[Event "Wch U20 Girls"]
[Site "Istanbul"]
[Date "2005.11.19"]
[Round "10"]
[White "Gilbert, Jessie"]
[Black "Raghavi, Nagarajan"]
[Result "1-0"]
[WhiteElo "2148"]
[BlackElo "2104"]
[PlyCount "115"]
[EventDate "2005.11.09"]
[EventType "swiss"]
[EventRounds "13"]
[EventCountry "TUR"]
[SourceTitle "CBM 109 Extra"]
[Source "ChessBase"]
[SourceDate "2006.01.03"]
[SourceVersion "2"]
[SourceVersionDate "2006.01.03"]
[SourceQuality "1"]

1. d4 d5 2. c4 e6 3. Nc3 Nf6 4. Bg5 Be7 5. e3 h6 6. Bh4 0-0 7. cxd5 Nxd5 8. Bxe7 Qxe7 9. Qb3 Rd8 10. Nf3 c5 11. Rc1 cxd4 12. Nxd5 exd5 13. Nxd4 Nc6 14. Rxc6 bxc6 15. Nxc6 Qc7 16. Nxd8 Qxd8 17. Bd3 Qa5+ 18. Ke2 Be6 19. Rc1 d4 20. Qb7 Rd8 21. Qc7 Qh5+ 22. Kf1 Qg5 23. Rc5 Qf6 24. e4 Bxa2 25. Qxa7 Qe6 26. Qb7 Qg4 27. f3 Qh4 28. Rc8 Rxc8 29. Qxc8+ Kh7 30. Qf5+ g6 31. Qe5 Qd8 32. b4 Qc8 33. Qc5 Qb8 34. g3 Qe8 35. Qxd4 Qa4 36. Ke2 Bb3 37. Kf2 Qa2+ 38. Be2 Ba4 39. Qc4 Bb3 40. Qd3 Qa7+ 41. Qe3 Qa2 42. Qd3 Qa3 43. b5 Qb2 44. f4 Bc2 45. Qd7 Bb3 46. f5 g5 47. Qd3 Bc2 48. Qc4 Bb3 49. Qb4 Qa2 50. e5 Bd1 51. Qc4 Bb3 52. Qd4 Ba4 53. Kf3 h5 54. h3 Bc2 55. f6 Qb3+ 56. Kf2 Kg6 57. Bc4 Qa3 58. b6 1-0

[Event "Wch U20 Girls"]
[Site "Istanbul"]
[Date "2005.11.18"]
[Round "9"]
[White "Mezioud, Amina"]
[Black "Gilbert, Jessie"]
[Result "1-0"]
[WhiteElo "1978"]
[BlackElo "2148"]
[PlyCount "97"]
[EventDate "2005.11.09"]
[EventType "swiss"]
[EventRounds "13"]
[EventCountry "TUR"]
[SourceTitle "CBM 109 Extra"]
[Source "ChessBase"]
[SourceDate "2006.01.03"]
[SourceVersion "2"]
[SourceVersionDate "2006.01.03"]
[SourceQuality "1"]

1. e4 c6 2. d4 d5 3. Nc3 dxe4 4. Nxe4 Nf6 5. Ng3 Qc7 6. Nf3 Bg4 7. Be2 e6 8. Ne5 Bxe2 9. Qxe2 Nbd7 10. 0-0 Bd6 11. f4 c5 12. c3 0-0 13. Bd2 Rac8 14. Rac1 b5 15. Kh1 Rfe8 16. Qf3 Nf8 17. Nh5 Nxh5 18. Qxh5 f6 19. Ng4 cxd4 20. cxd4 Qf7 21. Qh3 Qg6 22. a3 Rc2 23. Rxc2 Qxc2 24. Bc3 Bxf4 25. Qf3 Bg5 26. d5 Qb3 27. d6 e5 28. Qc6 Qc4 29. Qxc4+ bxc4 30. g3 h5 31. Nf2 e4 32. Nh3 Be3 33. Bb4 Kf7 34. Re1 Bb6 35. Nf4 g6 36. Nd5 Nd7 37. Nc7 Bxc7 38. dxc7 f5 39. Rd1 Nb6 40. Rd8 e3 41. Kg2 g5 42. Kf3 e2 43. Kf2 Nc8 44. Ke1 Nb6 45. Bc5 Nc8 46. a4 g4 47. a5 Re5 48. Rxc8 Rxc5 49. Rh8 1-0

[Event "Wch U20 Girls"]
[Site "Istanbul"]
[Date "2005.11.11"]
[Round "3"]
[White "Gilbert, Jessie"]
[Black "Ozturk Orenli, Kubra"]
[Result "1/2-1/2"]
[WhiteElo "2148"]
[BlackElo "1980"]
[PlyCount "74"]
[EventDate "2005.11.09"]
[EventType "swiss"]
[EventRounds "13"]
[EventCountry "TUR"]
[SourceTitle "CBM 109 Extra"]
[Source "ChessBase"]
[SourceDate "2006.01.03"]
[SourceVersion "2"]
[SourceVersionDate "2006.01.03"]
[SourceQuality "1"]

1. d4 Nf6 2. c4 e6 3. Nf3 Bb4+ 4. Bd2 Qe7 5. Qc2 Nc6 6. a3 Bxd2+ 7. Nbxd2 d5 8. e3 0-0 9. Bd3 h6 10. cxd5 exd5 11. b4 Be6 12. Rc1 Rfc8 13. Nb3 a5 14. b5 a4 15. Nc5 Nd8 16. Ne5 Nd7 17. Nexd7 Bxd7 18. 0-0 Ne6 19. Nxb7 c6 20. b6 Rcb8 21. Nc5 Rxb6 22. Nxa4 Rb7 23. Ra1 Ra5 24. Bh7+ Kh8 25. Bf5 Nxd4 26. exd4 Bxf5 27. Qxf5 Rxa4 28. Qc8+ Kh7 29. Qxc6 Rxd4 30. a4 Qc7 31. Qxc7 Rxc7 32. a5 Ra7 33. a6 Rb4 34. Ra5 Rb6 35. Rfa1 Kg6 36. Kf1 Kf6 37. Ke2 Ke5 1/2-1/2

[Event "Wch U20 Girls"]
[Site "Istanbul"]
[Date "2005.11.09"]
[Round "1"]
[White "Gilbert, Jessie"]
[Black "Vasilevich, Irina"]
[Result "0-1"]
[WhiteElo "2148"]
[BlackElo "2389"]
[PlyCount "102"]
[EventDate "2005.11.09"]
[EventType "swiss"]
[EventRounds "13"]
[EventCountry "TUR"]
[SourceTitle "CBM 109 Extra"]
[Source "ChessBase"]
[SourceDate "2006.01.03"]
[SourceVersion "2"]
[SourceVersionDate "2006.01.03"]
[SourceQuality "1"]

1. d4 Nf6 2. c4 e6 3. Nf3 d5 4. Bg5 Be7 5. Nc3 h6 6. Bh4 0-0 7. e3 b6 8. cxd5 Nxd5 9. Bxe7 Qxe7 10. Be2 Bb7 11. 0-0 Nxc3 12. bxc3 Nd7 13. c4 Rfd8 14. Qb3 c5 15. Rfd1 Rac8 16. a4 cxd4 17. exd4 a5 18. Rac1 Bc6 19. Ne1 e5 20. Bf3 exd4 21. Bxc6 Rxc6 22. Rxd4 Nc5 23. Rxd8+ Qxd8 24. Qb5 Rg6 25. Rb1 Qe7 26. Nc2 Qe4 27. Ne3 Nxa4 28. Re1 Nc5 29. Rd1 Kh7 30. Qb1 Qxb1 31. Rxb1 Rc6 32. g3 Nd3 33. Kg2 g5 34. Rb3 Nb4 35. Kf3 Rf6+ 36. Ke2 Kg7 37. Ng2 Nc6 38. Rb2 Nd4+ 39. Ke3 Nf3 40. h3 Ne5 41. Kd4 Nc6+ 42. Kc3 Nb4 43. Ne3 Rc6 44. Nf5+ Kh7 45. Nd4 Rd6 46. f4 gxf4 47. gxf4 Na6 48. Re2 Nc5 49. f5 Kg7 50. Re3 Na4+ 51. Kd3 Nb2+ 0-1